01756nam a22002417a 450000500170000000800410001702000180005804000070007604100080008308200210009110000250011224500280013726000370016530000240020236500600022652109210028665000180120765000590122570000250128494200120130999900190132195201740134020230922164640.0211028b ||||| |||| 00| 0 eng d a9788195131792 cAl aEng 223a820.33bMISK aKevin Missal9134819 aKarna: the king of Anga aNew DelhibSimon &Schusterc2021 a523p.bPBc20x13cm. aBLCR-000062b₹280.00c₹d₹350.00e20%f04-10-2021 aIron Age of India… around 900 B.C.E. Born in the arms of the Ganga, Vasu grew up in the raging province of Anga. His life shaped by a fate that failed to be just—neglected by his own, stripped of his birthright—he was raised to be lost in an abyss of desires and disappointment. Cursed by his guru, hurt by the only woman he loved, ostracised from society for being the son of a suta. With his only armour—hope—he ventured on an unforgettable journey. Alone. This is Vasu’s tale of survival, of endurance, of abiding courage in the face of all adversities. And eventually, of blossoming into the greatest warrior of all time… KARNA. In an ultimate battle against his archenemy—the insidious, dishonourable and all-powerful, Jarasandha, for a title he knew he deserved. From a sutaputr to a leader of the people, this is a saga of betrayal, lost love, and glory. This is the story of the King of Anga. aFiction95501 aDuring the iron age of India around 900 B.C.E.9134818 aMISSAL (Kevin)95502 2ddccBK c217925d217925 00102ddc40708ENGaALbALd2021-10-12eNavaKarnataka Publications Pvt.Ltd.g280.00l5m1o820.33 MISKp075017r2024-09-09 00:00:00s2024-08-29v350.00w2021-10-28yBK